Lilydale Line (Melbourne Train Network) - Statistics

General Stats
  • This quiz has been taken 192 times
    190 since last reset
  • The average score is 20 of 23
Answer Stats
# Answer % Correct
1 Lilydale
98%
23 Richmond
94%
11 Box Hill
93%
5 Ringwood
92%
17 Camberwell
91%
21 Burnley
90%
22 East Richmond
90%
9 Blackburn
88%
20 Hawthorn
88%
19 Glenferrie
86%
8 Nunawading
86%
10 Laburnum
85%
18 Auburn
83%
7 Mitcham
83%
4 Ringwood East
83%
15 Canterbury
82%
16 East Camberwell
82%
14 Chatham
81%
13 Surrey Hills
81%
3 Croydon
79%
6 Heatherdale
78%
12 Mont Albert
77%
2 Mooroolbark
73%
No matching quizzes found
Score Distribution
Percent of People with Each Score
Percentile by Number Answered
Your Score History
You have not taken this quiz since the last reset